000 00470nam a2200181Ia 4500
008 151018s9999 xx 000 0 und d
082 _bRBASDV49039
_a891.463
100 _aजाधव वामन
245 _aअंधार
250 _b1
260 _bमेघना
_c2008
300 _a76
600 _aजाधव वामन
630 _aअंधार
700 _aजाधव वामन
730 _aअंधार
942 _cBOOK
999 _c1048162
_d1048159